000 00577cam a2200217 4500
001 1726254
005 20180306032122.0
008 700922s1970 nyua b 001 0 eng
010 _a 73114449
020 _a0070415110
040 _aDLC
_cDLC
_dDLC
_dICU
041 _aeng
080 _a517.02462 MER
082 0 0 _a517.02462 MER
100 1 _a27
101 _aIM
245 1 0 _aApplied mathematics in engineering practice
_c[by] Frederick S. Merritt.
504 _aIncludes bibliographies.
906 _a7
_bcbc
_corignew
_d2
_encip
_f19
_gy-gencatlg
942 _2ddc
_cBK
999 _c44113
_d44113